| 000 | 01620nam0a22002891 4500 | ||
|---|---|---|---|
| 001 | rc\4590649 | ||
| 005 | 20130416192459.6 | ||
| 021 |
_aRU _b[68-40953] |
||
| 035 | _a(NLR Aleph) 008661291 | ||
| 090 |
_a9062933 _c9062933 |
||
| 100 | _a20130416d1968 |||y0rusy50 ca | ||
| 101 | 0 | _arus | |
| 102 | _aRU | ||
| 105 | _ay z ||||| | ||
| 200 | 1 |
_aМетодика определения экономической эффективности сельскохозяйственного производства в колхозах и совхозах _eВ помощь обществ. бюро экон. анализа, специалистам и руководителям совхозов и колхозов _fВолгогр. обл. правл. Науч.-техн. о-ва сел. хоз-ва. Волгогр. обл. обществ. экон. совет по сел. хоз-ву |
|
| 210 |
_aВолгоград _cБ. и. _d1968 |
||
| 215 |
_a48 с. _d19 |
||
| 300 | _aВ конце текста сост.: проф. П.С. Иващенко | ||
| 606 |
_aСовхозы _xЭкономическая эффективность _xОпределение _2psbo |
||
| 606 |
_aКолхозы _xЭкономическая эффективность _xОпределение _2psbo |
||
| 702 | 1 |
_aИващенко _bП. С. _gПавел Степанович _4220 |
|
| 712 | 0 | 2 |
_aНТО сельского хозяйства _cМосква _bВолгоградское обл. правление _3RU\NLR\AUTH\889920124 |
| 801 | 0 |
_aRU _bNLR _gpsbo |
|
| 801 | 1 |
_aRU _bELAR _2rusmarc |
|
| 852 |
_aNLR _j68-4/9909 |
||
| 942 | _cBOOK | ||
| 980 | _aNB | ||